teaching alphabets - Statistics

General Stats
  • This quiz has been taken 10 times
  • The average score is 22 of 26
Answer Stats
Picture Hint Answer % Correct
A for apple
100%
B ball
100%
C cat
100%
D dog
90%
E elephant
90%
F fish
90%
H hat
90%
I ice-cream
90%
J jeep
90%
M mother
90%
o orange
90%
P parrot
90%
Q queen
90%
R rose
90%
T tiger
90%
U umbrella
90%
W watch
90%
Z zebra
90%
G giraffe
80%
K kite
80%
N nest
80%
S star
80%
Y yak
70%
L lotus
50%
X x-mas tree
50%
V voilin
10%
No matching quizzes found
Score Distribution
Percent of People with Each Score
Percentile by Number Answered
Your Score History
You have not taken this quiz